| 000 | 01072nam0a2200289 4500 | ||
|---|---|---|---|
| 001 | RU\NLR\bibl\1217446 | ||
| 005 | 20260406145934.0 | ||
| 010 |
_a978-5-17-012203-5 _915000 |
||
| 021 |
_aRU _b2008-16552 _9902 |
||
| 035 | _a(NLR Aleph) 001203824 | ||
| 090 |
_a34691 _c34691 |
||
| 100 | _a20080421d2007 |||y0rusy50 ca | ||
| 101 | 0 | _arus | |
| 102 | _aRU | ||
| 105 | _aa ||||||||| | ||
| 200 | 1 |
_aСтихи _e[для чтения родителями детям] _fС. Маршак _gхудож.: С. Бордюг [и др.] |
|
| 210 |
_aМосква _cАстрель _cАСТ _d2007 |
||
| 215 |
_a60, [4] с. _cцв. ил. _d17 |
||
| 225 | 1 | _aПланета детства | |
| 700 | 1 |
_4070 _8rus _7ca _aМаршак _bС. Я. _f1887-1964 _gСамуил Яковлевич _3RU\NLR\AUTH\774792 _9114767 |
|
| 702 | 1 |
_4440 _8rus _7ca _aБордюг _bС. И. _cхудожник _f1953- _gСергей Иванович _3RU\NLR\AUTH\7745729 _928664 |
|
| 801 | 0 |
_aRU _bNLR _c20080421 _gRCR |
|
| 801 | 1 |
_aRU _bNLR _c20080421 |
|
| 942 | _cBOOK | ||
| 980 | _aNB | ||